Statistics for All Turkish Super League Winners

Click here to take the quiz!

General Stats

  • This quiz has been taken 505 times
  • The average score is 63 of 64

Answer Stats

YearTeam% Correct
1991Beşiktaş
99%
1995Beşiktaş
99%
2021Beşiktaş
99%
2017Beşiktaş
99%
2016Beşiktaş
99%
1986Beşiktaş
99%
1966Beşiktaş
99%
1967Beşiktaş
99%
2009Beşiktaş
99%
1990Beşiktaş
99%
1982Beşiktaş
99%
1960Beşiktaş
99%
2003Beşiktaş
99%
1992Beşiktaş
99%
1989Fenerbahçe
99%
2005Fenerbahçe
99%
1996Fenerbahçe
99%
2001Fenerbahçe
99%
2004Fenerbahçe
99%
2007Fenerbahçe
99%
2011Fenerbahçe
99%
2014Fenerbahçe
99%
1985Fenerbahçe
99%
1959Fenerbahçe
99%
1983Fenerbahçe
99%
1964Fenerbahçe
99%
1968Fenerbahçe
99%
1965Fenerbahçe
99%
1974Fenerbahçe
99%
1975Fenerbahçe
99%
1970Fenerbahçe
99%
1961Fenerbahçe
99%
1978Fenerbahçe
99%
2015Galatasaray
99%
1963Galatasaray
99%
1971Galatasaray
99%
2012Galatasaray
99%
1962Galatasaray
99%
2018Galatasaray
99%
2019Galatasaray
99%
2008Galatasaray
99%
1969Galatasaray
99%
2006Galatasaray
99%
2013Galatasaray
99%
1972Galatasaray
99%
1993Galatasaray
99%
1988Galatasaray
99%
1973Galatasaray
99%
2000Galatasaray
99%
1999Galatasaray
99%
1998Galatasaray
99%
1997Galatasaray
99%
1994Galatasaray
99%
2002Galatasaray
99%
1987Galatasaray
99%
1981Trabzonspor
96%
1980Trabzonspor
96%
1984Trabzonspor
96%
1979Trabzonspor
96%
1977Trabzonspor
96%
1976Trabzonspor
96%
2022Trabzonspor
96%
2020İstanbul Başakşehir
91%
2010Bursaspor
88%

Score Distribution

Percentile by Number Answered

Percent of People with Each Score

Your Score History

You have not taken this quiz